POPULISMO Y REVOLUCION/
Gardado en:
| Autor Principal: | |
|---|---|
| Formato: | Libro |
| Series: | ESTUDIOS;
75 |
| Temas: | |
| Etiquetas: |
Sen Etiquetas, Sexa o primeiro en etiquetar este rexistro!
|
MARC
| LEADER | 00000nam^a2200000^a^4500 | ||
|---|---|---|---|
| 001 | 000224654 | ||
| 005 | 20250521000000.0 | ||
| 009 | 20260310104058.807 | ||
| 035 | |a 043524 | ||
| 037 | |a Acervo Xavier Clavigero | ||
| 082 | |a 322. 498 LEA | ||
| 100 | |a Leal, Juan Felipe |e (autor) | ||
| 245 | 1 | 0 | |a POPULISMO Y REVOLUCION/ |c JUAN FELIPE LEAL |
| 264 | |a México : |b UNAM, |c 1957 | ||
| 300 | |a 122p. | ||
| 336 | |a texto |b txt |2 rdacontenido | ||
| 337 | |a sin mediación |b n |2 rdamedio | ||
| 338 | |a volumen |b nc |2 rdasoporte | ||
| 440 | |a ESTUDIOS; |v 75 | ||
| 649 | |a XX | ||
| 650 | |a POPULARISMO EN HISPANOAMERICA | ||
| 650 | |a Cuba - |x Historia - |y 1953-1959 | ||
| 910 | |a Fondo General | ||
| 920 | |a Impresos - Libros | ||
| 930 | |a Colección General | ||
| 905 | |a 101 | ||
| 901 | |a 043524 |b IT1 |c ACC |i 043524 |u 20250521 | ||
| 902 | |a https://opac.biblio.iteso.mx/vufind/Record/000224654 | ||